[Event "NB2 Breyer csoport"]
[Site "Zsambek"]
[Date "2024.11.03"]
[Round "1.2"]
[White "Kecskes, Gabor"]
[Black "Toth, Lili"]
[Result "0-1"]
[WhiteElo "2035"]
[BlackElo "1873"]
[PlyCount "52"]
[EventDate "2024.11.03"]
[EventType "team-tourn"]
[EventRounds "9"]
[EventCountry "HUN"]
[Source "chess.hu"]
[SourceDate "2024.11.04"]
[WhiteTeam "Zsambeki SBE"]
[BlackTeam "MTK Budapest II."]
[WhiteTeamCountry "HUN"]
[BlackTeamCountry "HUN"]

1. d4 Nf6 2. c4 g6 3. Nc3 Bg7 4. e4 d6 5. Be2 O-O 6. Nf3 Na6 7. O-O e5 8. Be3
exd4 9. Bxd4 Re8 10. Nd2 c6 11. Re1 Nc7 12. Bf1 d5 13. h3 Be6 14. cxd5 cxd5 15.
e5 Nd7 16. f4 Nb8 17. Nf3 Nc6 18. Bc5 Bh6 19. g3 Qd7 20. Kh2 Red8 21. Nd4 Bf8
22. Bxf8 Kxf8 23. g4 Ne8 24. Rc1 Ng7 25. f5 gxf5 26. Nxf5 Bxf5 0-1

[Event "NB2 Breyer csoport"]
[Site "Zsambek"]
[Date "2024.11.03"]
[Round "1.3"]
[White "Boros, Krisztian Levente"]
[Black "Rummel, Zsolt"]
[Result "1-0"]
[WhiteElo "2053"]
[BlackElo "2055"]
[PlyCount "97"]
[EventDate "2024.11.03"]
[EventType "team-tourn"]
[EventRounds "9"]
[EventCountry "HUN"]
[Source "chess.hu"]
[SourceDate "2024.11.04"]
[WhiteTeam "MTK Budapest II."]
[BlackTeam "Zsambeki SBE"]
[WhiteTeamCountry "HUN"]
[BlackTeamCountry "HUN"]

1. e4 c5 2. Nf3 d6 3. Bb5+ Bd7 4. Bd3 Nc6 5. O-O e6 6. c3 g6 7. Bc2 Bg7 8. d4
cxd4 9. cxd4 Nge7 10. Nc3 O-O 11. Bg5 Re8 12. a3 a6 13. Qd2 Na5 14. Qf4 Qb8 15.
b4 Nc4 16. Bf6 e5 17. Qh4 exd4 18. Nxd4 Be6 19. Nxe6 fxe6 20. Bb3 d5 21. Na4
Qc7 22. Nc5 Nc6 23. Bxg7 Kxg7 24. Nxe6+ Rxe6 25. exd5 Nd2 26. dxe6 Qe7 27. Qg3
Nd4 28. Qe5+ Qf6 29. Qxf6+ Kxf6 30. Bd5 Nxf1 31. Kxf1 Rd8 32. Bxb7 Rd6 33. Rd1
Kxe6 34. Bxa6 Rxa6 35. Rxd4 Rxa3 36. Ke2 Rb3 37. g3 g5 38. h4 h6 39. Rg4 Kf5
40. Rc4 Ke5 41. hxg5 hxg5 42. Rc5+ Kf6 43. Rb5 g4 44. Rb8 Ke5 45. b5 Rb2+ 46.
Kf1 Kd6 47. b6 Kc6 48. Rg8 Rb4 49. Rg6+ 1-0

[Event "NB2 Breyer csoport"]
[Site "Zsambek"]
[Date "2024.11.03"]
[Round "1.4"]
[White "Bitto, Zoltan"]
[Black "Berta, Sandor"]
[Result "1/2-1/2"]
[WhiteElo "1995"]
[BlackElo "2081"]
[PlyCount "60"]
[EventDate "2024.11.03"]
[EventType "team-tourn"]
[EventRounds "9"]
[EventCountry "HUN"]
[Source "chess.hu"]
[SourceDate "2024.11.04"]
[WhiteTeam "Zsambeki SBE"]
[BlackTeam "MTK Budapest II."]
[WhiteTeamCountry "HUN"]
[BlackTeamCountry "HUN"]

1. d4 Nf6 2. c4 g6 3. Nc3 Bg7 4. e4 d6 5. f4 O-O 6. Nf3 c5 7. d5 a6 8. a4 e6 9.
Bd3 exd5 10. cxd5 Re8 11. O-O c4 12. Bc2 Qb6+ 13. Kh1 Nbd7 14. a5 Qc7 15. Be3
Nc5 16. e5 Nfd7 17. exd6 Qxd6 18. Bd4 Qxf4 19. Ne5 Qh4 20. g3 Qh5 21. g4 Qh3
22. Rf3 Qh4 23. Nxf7 Qxg4 24. Bxg7 Kxg7 25. Nd6 Re1+ 26. Qxe1 Qxf3+ 27. Kg1
Qg4+ 28. Kh1 Qf3+ 29. Kg1 Qg4+ 30. Kh1 Qf3+ 1/2-1/2

[Event "NB2 Breyer csoport"]
[Site "Zsambek"]
[Date "2024.11.03"]
[Round "1.5"]
[White "Molnar, Aurel Jr"]
[Black "Emmer, Adam"]
[Result "1-0"]
[WhiteElo "2071"]
[BlackElo "1948"]
[PlyCount "49"]
[EventDate "2024.11.03"]
[EventType "team-tourn"]
[EventRounds "9"]
[EventCountry "HUN"]
[Source "chess.hu"]
[SourceDate "2024.11.04"]
[WhiteTeam "MTK Budapest II."]
[BlackTeam "Zsambeki SBE"]
[WhiteTeamCountry "HUN"]
[BlackTeamCountry "HUN"]

1. e4 e5 2. Nf3 Nf6 3. Nxe5 d6 4. Nf3 Nxe4 5. Nc3 Nxc3 6. dxc3 Be7 7. Bf4 Nd7
8. Qd2 Nc5 9. Bc4 Be6 10. Bxe6 Nxe6 11. Be3 Qd7 12. Qd5 c6 13. Qf5 Bf6 14.
O-O-O b5 15. g4 Qc7 16. g5 Be7 17. h4 g6 18. Qg4 O-O-O 19. Nd4 Qd7 20. Qf3 Nxd4
21. Rxd4 Rhf8 22. Rf4 Kb7 23. Bd4 Qe6 24. Re4 Qd7 25. Rhe1 1-0

[Event "NB2 Breyer csoport"]
[Site "Zsambek"]
[Date "2024.11.03"]
[Round "1.6"]
[White "Nagy, Gyorgy"]
[Black "Thierry, Edvard"]
[Result "1-0"]
[WhiteElo "1903"]
[BlackElo "1985"]
[PlyCount "71"]
[EventDate "2024.11.03"]
[EventType "team-tourn"]
[EventRounds "9"]
[EventCountry "HUN"]
[Source "chess.hu"]
[SourceDate "2024.11.04"]
[WhiteTeam "Zsambeki SBE"]
[BlackTeam "MTK Budapest II."]
[WhiteTeamCountry "HUN"]
[BlackTeamCountry "HUN"]

1. d4 Nf6 2. c4 e6 3. Nc3 Bb4 4. Qc2 c5 5. a3 cxd4 6. axb4 dxc3 7. bxc3 d5 8.
e3 Qc7 9. cxd5 Nxd5 10. Bd3 Qxc3+ 11. Qxc3 Nxc3 12. Bb2 Nd5 13. Bxg7 Rg8 14.
Bb2 Nxb4 15. Bxh7 Rxg2 16. h4 Bd7 17. Be4 Bc6 18. Bxg2 Bxg2 19. Rh2 Nd3+ 20.
Ke2 Nxb2 21. Rxg2 Nd7 22. Rg8+ Nf8 23. h5 Nc4 24. f4 a5 25. Nf3 Ke7 26. Nd4 Rc8
27. h6 Nd6 28. Rxa5 Nh7 29. Rxc8 Nxc8 30. Ra8 Kd7 31. Nf3 f6 32. Ra1 Ne7 33.
Rg1 Ke8 34. Rg7 Nf8 35. h7 Neg6 36. Nh4 1-0

[Event "NB2 Breyer csoport"]
[Site "Zsambek"]
[Date "2024.11.03"]
[Round "1.7"]
[White "Papp, Gabor"]
[Black "Tessedik, Karoly"]
[Result "1-0"]
[WhiteElo "2000"]
[BlackElo "1871"]
[PlyCount "129"]
[EventDate "2024.11.03"]
[EventType "team-tourn"]
[EventRounds "9"]
[EventCountry "HUN"]
[Source "chess.hu"]
[SourceDate "2024.11.04"]
[WhiteTeam "MTK Budapest II."]
[BlackTeam "Zsambeki SBE"]
[WhiteTeamCountry "HUN"]
[BlackTeamCountry "HUN"]

1. d4 Nf6 2. c4 e6 3. Nc3 Bb4 4. e3 O-O 5. Nge2 b6 6. a3 Be7 7. Ng3 Bb7 8. e4
d5 9. cxd5 exd5 10. e5 Ne4 11. Ngxe4 dxe4 12. Bc4 Qd7 13. Be3 a6 14. O-O b5 15.
Bb3 b4 16. axb4 Bxb4 17. d5 Bxc3 18. bxc3 Qf5 19. Qd4 Kh8 20. Qb4 Nd7 21. e6
Nb6 22. e7 Rfe8 23. d6 a5 24. Qc5 Qxc5 25. Bxc5 Nd7 26. Ba3 cxd6 27. Bxd6 Kg8
28. Ba4 Bc8 29. c4 f6 30. Rfe1 f5 31. c5 Kf7 32. f3 Nf6 33. fxe4 fxe4 34. Bc6
Ra6 35. Bxe8+ Kxe8 36. Kf2 a4 37. Ke3 a3 38. Kd4 a2 39. Ke5 Ra4 40. Re2 e3 41.
Bb8 Nd7+ 42. Kd6 Ba6 43. Rxe3 Nxb8 44. Rb3 Rd4+ 45. Kc7 Rd7+ 46. Kxb8 Bc4 47.
Rc3 Be6 48. c6 Rd2 49. c7 Rb2+ 50. Ka7 Bc8 51. g3 Kxe7 52. h4 g6 53. Rc6 Rb7+
54. Ka8 Rb2 55. Rc3 Kd7 56. Rd1+ Ke7 57. Re3+ Kf7 58. Rf1+ Kg7 59. Re7+ Kh6 60.
Ra1 Bb7+ 61. Ka7 Bc8 62. Re8 Rb7+ 63. Ka8 Rxc7 64. Kb8 Bd7 65. Rd8 1-0

[Event "NB2 Breyer csoport"]
[Site "Zsambek"]
[Date "2024.11.03"]
[Round "1.8"]
[White "Metzger, Istvan"]
[Black "Szakolczai, Alex"]
[Result "1/2-1/2"]
[WhiteElo "1825"]
[BlackElo "1870"]
[PlyCount "79"]
[EventDate "2024.11.03"]
[EventType "team-tourn"]
[EventRounds "9"]
[EventCountry "HUN"]
[Source "chess.hu"]
[SourceDate "2024.11.04"]
[WhiteTeam "Zsambeki SBE"]
[BlackTeam "MTK Budapest II."]
[WhiteTeamCountry "HUN"]
[BlackTeamCountry "HUN"]

1. e4 c6 2. d4 d5 3. exd5 cxd5 4. Nf3 Nc6 5. Bb5 Bg4 6. h3 Bh5 7. c3 e6 8. O-O
Bd6 9. Be2 Nge7 10. Be3 O-O 11. Nbd2 Nf5 12. Bd3 Nxe3 13. fxe3 f5 14. Qe1 Qc7
15. Qh4 Bg6 16. Qe1 Bg3 17. Qe2 Bh5 18. Qd1 Rf6 19. Be2 Rg6 20. Ne1 Bxe2 21.
Qxe2 Re8 22. Qf3 Qe7 23. Nd3 Qh4 24. Kh1 Rf8 25. Nf4 Bxf4 26. Qxf4 Rg4 27. Qf2
Qh6 28. Rae1 Rf6 29. Re2 Rfg6 30. Rg1 Nd8 31. Nf3 Nf7 32. Nh2 Re4 33. Nf3 Nd6
34. Nd2 f4 35. Nf1 Nf5 36. exf4 Rxf4 37. Qe1 Nh4 38. Nh2 Nf5 39. Nf1 Nd6 40.
Nd2 1/2-1/2

[Event "NB2 Breyer csoport"]
[Site "Zsambek"]
[Date "2024.11.03"]
[Round "1.9"]
[White "Fekete, Martin"]
[Black "Horvath, Csaba"]
[Result "1-0"]
[WhiteElo "1932"]
[BlackElo "1790"]
[PlyCount "87"]
[EventDate "2024.11.03"]
[EventType "team-tourn"]
[EventRounds "9"]
[EventCountry "HUN"]
[Source "chess.hu"]
[SourceDate "2024.11.04"]
[WhiteTeam "MTK Budapest II."]
[BlackTeam "Zsambeki SBE"]
[WhiteTeamCountry "HUN"]
[BlackTeamCountry "HUN"]

1. e4 c6 2. Nc3 d5 3. d3 d4 4. Nce2 e5 5. Ng3 Nf6 6. Be2 c5 7. Nf3 Nc6 8. O-O
h5 9. Bg5 Qc7 10. Nh4 Nh7 11. f4 Nxg5 12. fxg5 g6 13. Nxh5 gxh5 14. Bxh5 Be6
15. g6 O-O-O 16. gxf7 Ne7 17. Rf6 Bd7 18. Ng6 Nxg6 19. Rxg6 Bh6 20. Qf3 Rdf8
21. Rf1 Qd8 22. Kh1 Bf4 23. g3 Be3 24. Bg4 Kc7 25. Bxd7 Qxd7 26. Qf6 Qh3 27.
Qxe5+ Kc8 28. Qf5+ Qxf5 29. Rxf5 b6 30. e5 Kd7 31. g4 Ke7 32. e6 a6 33. Rd5 Rd8
34. Rxd8 Rxd8 35. h4 b5 36. Kg2 c4 37. Kf3 cxd3 38. cxd3 Rc8 39. Ke4 a5 40. Kd5
b4 41. Rg8 Rf8 42. Rxf8 Kxf8 43. Kd6 Bf4+ 44. Kd7 1-0

[Event "NB2 Breyer csoport"]
[Site "Zsambek"]
[Date "2024.11.03"]
[Round "1.10"]
[White "Szendeff, Miklos"]
[Black "Kiss, Inez"]
[Result "1-0"]
[WhiteElo "1743"]
[BlackElo "1822"]
[PlyCount "129"]
[EventDate "2024.11.03"]
[EventType "team-tourn"]
[EventRounds "9"]
[EventCountry "HUN"]
[Source "chess.hu"]
[SourceDate "2024.11.04"]
[WhiteTeam "Zsambeki SBE"]
[BlackTeam "MTK Budapest II."]
[WhiteTeamCountry "HUN"]
[BlackTeamCountry "HUN"]

1. e4 c6 2. d4 d5 3. Nc3 dxe4 4. Nxe4 Nf6 5. Nxf6+ exf6 6. Nf3 Bd6 7. Be2 O-O
8. Qd3 Re8 9. Be3 Be6 10. c4 Nd7 11. O-O Nf8 12. Rfe1 Ng6 13. g3 Bg4 14. Nd2
Bxe2 15. Rxe2 Qd7 16. Kg2 f5 17. f4 Re7 18. Rae1 Rae8 19. Nf3 f6 20. Bd2 Rxe2+
21. Rxe2 Re6 22. Kf2 Kf7 23. Rxe6 Qxe6 24. Qe2 Qe4 25. Bc3 Ne7 26. a4 a6 27. a5
Bc7 28. Qxe4 fxe4 29. Nd2 f5 30. Nb3 b6 31. axb6 Bxb6 32. Bb4 h6 33. Ba5 Bxa5
34. Nxa5 g5 35. Ke3 Ke8 36. Nb7 Kf7 37. b4 Kf6 38. Nc5 Nc8 39. d5 cxd5 40. cxd5
Nb6 41. Kd4 gxf4 42. gxf4 e3 43. Nd3 e2 44. Kc5 Nc8 45. Kc6 Ke7 46. Kb7 Nd6+
47. Kxa6 Ne4 48. Kb5 Kd6 49. Kc4 Nf6 50. Kc3 e1=Q+ 51. Nxe1 Nxd5+ 52. Kc4 Nxf4
53. Nd3 Nd5 54. Kd4 h5 55. h4 Ne7 56. Nf4 Nc6+ 57. Kc3 Ke5 58. b5 Ne7 59. Nxh5
f4 60. Kc4 Nf5 61. Nxf4 Kxf4 62. Kc5 Ke5 63. h5 Ne7 64. b6 Nc8 65. b7 1-0

[Event "NB2 Breyer csoport"]
[Site "Zsambek"]
[Date "2024.11.03"]
[Round "1.11"]
[White "Shen, Yiyun"]
[Black "Sebestyen, Boldizsar"]
[Result "1-0"]
[WhiteElo "1822"]
[BlackElo "1598"]
[PlyCount "93"]
[EventDate "2024.11.03"]
[EventType "team-tourn"]
[EventRounds "9"]
[EventCountry "HUN"]
[Source "chess.hu"]
[SourceDate "2024.11.04"]
[WhiteTeam "MTK Budapest II."]
[BlackTeam "Zsambeki SBE"]
[WhiteTeamCountry "HUN"]
[BlackTeamCountry "HUN"]

1. d4 d5 2. c4 e6 3. Nc3 Nf6 4. cxd5 Nxd5 5. e4 Ne7 6. Be3 f5 7. f3 Ng6 8. Bd3
f4 9. Bf2 e5 10. Nge2 Nh4 11. O-O Qg5 12. Bxh4 Qxh4 13. dxe5 Bc5+ 14. Kh1 Bf2
15. Nd5 Bg3 16. Nxg3 fxg3 17. Nxc7+ Kf8 18. h3 Bxh3 19. Kg1 Bd7 20. Re1 Qh2+
21. Kf1 Qh1+ 22. Ke2 Qxg2+ 23. Ke3 Qf2+ 24. Kf4 Ke7 25. e6 Rf8+ 26. Kg4 h5+ 27.
Kg5 Bc6 28. Nxa8 Rxf3 29. Qe2 Qxe2 30. Bxe2 Re3 31. Bxh5 Rxe4 32. Rxe4 Bxe4 33.
Kf4 Bd5 34. Nc7 Bc6 35. Bf3 Kd6 36. Bxc6 bxc6 37. Ne8+ Kxe6 38. Nxg7+ Kd5 39.
Kxg3 c5 40. Nh5 a5 41. Nf4+ Kc4 42. Rc1+ Kb5 43. Ne6 Na6 44. Kf3 c4 45. Nd4+
Kb4 46. a3+ Kc5 47. Nb3+ 1-0

[Event "NB2 Breyer csoport"]
[Site "Zsambek"]
[Date "2024.11.03"]
[Round "1.12"]
[White "Balogh, Fulop"]
[Black "Kiss, Villo"]
[Result "1/2-1/2"]
[WhiteElo "1465"]
[BlackElo "1492"]
[PlyCount "76"]
[EventDate "2024.11.03"]
[EventType "team-tourn"]
[EventRounds "9"]
[EventCountry "HUN"]
[Source "chess.hu"]
[SourceDate "2024.11.04"]
[WhiteTeam "Zsambeki SBE"]
[BlackTeam "MTK Budapest II."]
[WhiteTeamCountry "HUN"]
[BlackTeamCountry "HUN"]

1. d4 Nf6 2. c4 g6 3. Nc3 d5 4. cxd5 Nxd5 5. e4 Nxc3 6. bxc3 Bg7 7. Bc4 c5 8.
Bb2 O-O 9. h3 Nc6 10. Nf3 b6 11. O-O Bb7 12. Re1 Rc8 13. Rc1 Qc7 14. dxc5 Rfd8
15. cxb6 Rxd1 16. bxc7 Rxc1 17. Rxc1 Rxc7 18. Bd5 e6 19. Bb3 Na5 20. Nd2 Rd7
21. Rd1 Nxb3 22. axb3 Bxe4 23. Kf1 Bc2 24. Ke2 Bxd1+ 25. Kxd1 Bh6 26. Bc1 f5
27. Kc2 Kf7 28. Nf3 Bxc1 29. Kxc1 Kf6 30. Kc2 e5 31. b4 e4 32. Nd4 f4 33. Ne2
e3 34. fxe3 fxe3 35. Nd4 Re7 36. Kd3 h5 37. c4 g5 38. g3 g4 1/2-1/2

[Event "NB2 Breyer csoport"]
[Site "Nyergesujfalu"]
[Date "2024.11.03"]
[Round "1.1"]
[White "Giang, Tran Nam"]
[Black "Berek, Geza"]
[Result "1-0"]
[WhiteElo "2168"]
[BlackElo "2132"]
[PlyCount "71"]
[EventDate "2024.11.03"]
[EventType "team-tourn"]
[EventRounds "9"]
[EventCountry "HUN"]
[Source "chess.hu"]
[SourceDate "2024.11.04"]
[WhiteTeam "Geniusz Tata-Naszaly"]
[BlackTeam "NYVSE"]
[WhiteTeamCountry "HUN"]
[BlackTeamCountry "HUN"]

1. e4 g6 2. d4 Bg7 3. Nc3 d6 4. Be3 a6 5. Qd2 Nd7 6. O-O-O b5 7. f3 Bb7 8. h4
h5 9. Nh3 Rc8 10. Ng5 c5 11. dxc5 Nxc5 12. Bd4 Nf6 13. Kb1 Ncd7 14. Be2 Qc7 15.
a3 Bc6 16. f4 O-O 17. g4 hxg4 18. Rdg1 Qb7 19. Bxg4 b4 20. axb4 Qxb4 21. Bxd7
Bxd7 22. h5 Rc4 23. Bxf6 Rb8 24. b3 exf6 25. Qd5 fxg5 26. hxg6 Be6 27. gxf7+
Bxf7 28. Rh8+ Bxh8 29. Qxg5+ Kf8 30. Nd5 Bxd5 31. exd5 Qc3 32. Qg8+ Ke7 33.
Qe6+ Kd8 34. Qxd6+ Ke8 35. Rg8+ Kf7 36. Qe6# 1-0

[Event "NB2 Breyer csoport"]
[Site "Nyergesujfalu"]
[Date "2024.11.03"]
[Round "1.2"]
[White "Bereczki, Janos"]
[Black "Kovacs, Reka"]
[Result "1-0"]
[WhiteElo "2052"]
[BlackElo "2040"]
[PlyCount "73"]
[EventDate "2024.11.03"]
[EventType "team-tourn"]
[EventRounds "9"]
[EventCountry "HUN"]
[Source "chess.hu"]
[SourceDate "2024.11.04"]
[WhiteTeam "NYVSE"]
[BlackTeam "Geniusz Tata-Naszaly"]
[WhiteTeamCountry "HUN"]
[BlackTeamCountry "HUN"]

1. d4 f5 2. c4 Nf6 3. Nc3 d6 4. g3 g6 5. Bg2 Bg7 6. Nh3 O-O 7. O-O c6 8. d5 e5
9. dxc6 bxc6 10. Qa4 Qc7 11. Rd1 Bb7 12. Ng5 Re8 13. h4 Nbd7 14. e4 Nc5 15. Qc2
h6 16. Nh3 Ne6 17. Be3 Nd4 18. Bxd4 exd4 19. Ne2 Nxe4 20. Nxd4 Qb6 21. Nb3 Rad8
22. Nf4 Kf7 23. c5 Nxc5 24. Nxc5 dxc5 25. Qc4+ Kf6 26. Re1 Bc8 27. Bf1 Qb4 28.
Rxe8 Rxe8 29. Qc2 Be6 30. Rd1 Bf8 31. b3 Be7 32. Nxe6 Rb8 33. Bc4 g5 34. Qb2+
Kg6 35. Qg7+ Kh5 36. Be2+ g4 37. Qf7# 1-0

[Event "NB2 Breyer csoport"]
[Site "Nyergesujfalu"]
[Date "2024.11.03"]
[Round "1.3"]
[White "Sinoros-Szabo, Daniel"]
[Black "Horvath, Kalman"]
[Result "1/2-1/2"]
[WhiteElo "2014"]
[BlackElo "2074"]
[PlyCount "43"]
[EventDate "2024.11.03"]
[EventType "team-tourn"]
[EventRounds "9"]
[EventCountry "HUN"]
[Source "chess.hu"]
[SourceDate "2024.11.04"]
[WhiteTeam "Geniusz Tata-Naszaly"]
[BlackTeam "NYVSE"]
[WhiteTeamCountry "HUN"]
[BlackTeamCountry "HUN"]

1. e4 c6 2. d4 d5 3. e5 Qa5+ 4. c3 Bf5 5. Bd3 Bxd3 6. Qxd3 e6 7. Nf3 Qa6 8.
Qxa6 Nxa6 9. O-O Ne7 10. Bf4 Ng6 11. Be3 Be7 12. Nbd2 O-O 13. Rac1 Rfc8 14. c4
dxc4 15. Nxc4 Nb4 16. a3 Nd5 17. Rc2 Rd8 18. Rd1 h6 19. Nfd2 Nh4 20. Ne4 Nf5
21. Bc1 Nc7 22. Be3 1/2-1/2

[Event "NB2 Breyer csoport"]
[Site "Nyergesujfalu"]
[Date "2024.11.03"]
[Round "1.4"]
[White "Draga, Balazs"]
[Black "Laszlo, Imre"]
[Result "1/2-1/2"]
[WhiteElo "1969"]
[BlackElo "1992"]
[PlyCount "66"]
[EventDate "2024.11.03"]
[EventType "team-tourn"]
[EventRounds "9"]
[EventCountry "HUN"]
[Source "chess.hu"]
[SourceDate "2024.11.04"]
[WhiteTeam "NYVSE"]
[BlackTeam "Geniusz Tata-Naszaly"]
[WhiteTeamCountry "HUN"]
[BlackTeamCountry "HUN"]

1. e4 c5 2. Nc3 Nc6 3. Bb5 g6 4. Bxc6 dxc6 5. d3 e5 6. Be3 Qc7 7. Qd2 Nf6 8. h3
Be6 9. Nf3 h6 10. b3 b6 11. a4 a5 12. Ne2 Bg7 13. Qc3 Nd7 14. Nf4 Nf8 15. O-O
f6 16. Nxe6 Nxe6 17. Nh4 g5 18. Qc4 Qf7 19. Nf5 Bf8 20. Qc3 Ng7 21. d4 Nxf5 22.
exf5 exd4 23. Bxd4 Be7 24. Rfe1 O-O 25. Be3 Rad8 26. Rad1 Bd6 27. Rd3 Be5 28.
Qd2 Rxd3 29. Qxd3 Qd5 30. Qa6 Bc7 31. Qb7 Qd6 32. g3 Re8 33. Bd2 Rxe1+ 1/2-1/2

[Event "NB2 Breyer csoport"]
[Site "Nyergesujfalu"]
[Date "2024.11.03"]
[Round "1.5"]
[White "Vancsisin, Mark"]
[Black "Nagy, Attila"]
[Result "1-0"]
[WhiteElo "1947"]
[BlackElo "1962"]
[PlyCount "93"]
[EventDate "2024.11.03"]
[EventType "team-tourn"]
[EventRounds "9"]
[EventCountry "HUN"]
[Source "chess.hu"]
[SourceDate "2024.11.04"]
[WhiteTeam "Geniusz Tata-Naszaly"]
[BlackTeam "NYVSE"]
[WhiteTeamCountry "HUN"]
[BlackTeamCountry "HUN"]

1. e4 c6 2. d4 d5 3. exd5 cxd5 4. Bd3 Nc6 5. c3 Nf6 6. h3 g6 7. Nf3 Bf5 8. O-O
Bxd3 9. Qxd3 Bg7 10. Bf4 O-O 11. Nbd2 Rc8 12. Ne5 a6 13. Rfe1 Nd7 14. Nxd7 Qxd7
15. Nb3 Ra8 16. Nc5 Qc8 17. Na4 Ra7 18. Qf3 Qd8 19. Qg3 b6 20. b3 b5 21. Nc5 b4
22. Be5 Nxe5 23. dxe5 bxc3 24. Qxc3 Qc8 25. Rac1 Rc7 26. b4 e6 27. Qd3 a5 28.
a3 Rd8 29. Re2 axb4 30. axb4 Qb8 31. Rb1 Rc6 32. f4 Qb6 33. Kh2 Bh6 34. g3 Bf8
35. Na4 Qa7 36. Ra2 Rdc8 37. b5 Rc1 38. Rxc1 Rxc1 39. b6 Qa5 40. Qd2 Qxd2+ 41.
Rxd2 Bc5 42. Rb2 Bg1+ 43. Kg2 Bxb6 44. Nxb6 Rc3 45. Nd7 h6 46. Nf6+ Kf8 47.
Rb8+ 1-0

[Event "NB2 Breyer csoport"]
[Site "Nyergesujfalu"]
[Date "2024.11.03"]
[Round "1.6"]
[White "Ikanov, Imre"]
[Black "Sinoros-Szabo, Mate"]
[Result "0-1"]
[WhiteElo "1975"]
[BlackElo "1954"]
[PlyCount "54"]
[EventDate "2024.11.03"]
[EventType "team-tourn"]
[EventRounds "9"]
[EventCountry "HUN"]
[Source "chess.hu"]
[SourceDate "2024.11.04"]
[WhiteTeam "NYVSE"]
[BlackTeam "Geniusz Tata-Naszaly"]
[WhiteTeamCountry "HUN"]
[BlackTeamCountry "HUN"]

1. e4 e5 2. Nf3 Nc6 3. Bb5 a6 4. Ba4 d6 5. c3 f5 6. d3 Nf6 7. Bg5 Be7 8. Bb3 h6
9. Bxf6 Bxf6 10. Nbd2 Qe7 11. Qe2 Be6 12. exf5 Bxf5 13. O-O-O O-O-O 14. Ne4 d5
15. Nxf6 Qxf6 16. Nd2 Rhe8 17. f3 g5 18. Bc2 Kb8 19. Qf2 d4 20. Ne4 Bxe4 21.
dxe4 Qe7 22. Bb3 Na5 23. Qc2 Rd6 24. Kb1 Nxb3 25. Qxb3 Rb6 26. Qc4 Rc6 27. Qb4
dxc3 0-1

[Event "NB2 Breyer csoport"]
[Site "Nyergesujfalu"]
[Date "2024.11.03"]
[Round "1.7"]
[White "Eros, Vivien"]
[Black "Fekete, Laszlo"]
[Result "1-0"]
[WhiteElo "1843"]
[BlackElo "1878"]
[PlyCount "79"]
[EventDate "2024.11.03"]
[EventType "team-tourn"]
[EventRounds "9"]
[EventCountry "HUN"]
[Source "chess.hu"]
[SourceDate "2024.11.04"]
[WhiteTeam "Geniusz Tata-Naszaly"]
[BlackTeam "NYVSE"]
[WhiteTeamCountry "HUN"]
[BlackTeamCountry "HUN"]

1. d4 Nf6 2. Bf4 e6 3. Nf3 c5 4. e3 Nc6 5. c3 d5 6. Nbd2 Bd6 7. Ne5 O-O 8. Bd3
Qc7 9. Ndf3 h6 10. g4 g5 11. Bg3 Ne4 12. Nxc6 bxc6 13. Bxd6 Qxd6 14. h4 cxd4
15. Bxe4 dxe4 16. Qxd4 Qxd4 17. Nxd4 Rb8 18. O-O-O c5 19. Nb3 e5 20. hxg5 Bxg4
21. Rdg1 h5 22. Nxc5 Bf3 23. Rh4 Rb5 24. Nxe4 Kg7 25. Nf6 Kg6 26. Rg3 e4 27.
Nxe4 Bxe4 28. Rxe4 Rxg5 29. Rh3 Rg1+ 30. Kc2 Rg5 31. c4 Rc8 32. Kc3 Rc6 33. b4
Rf6 34. f4 Rg2 35. a4 Ra2 36. Kb3 Rd2 37. Re5 Re6 38. f5+ Kf6 39. fxe6 Kxe5 40.
e7 1-0

[Event "NB2 Breyer csoport"]
[Site "Nyergesujfalu"]
[Date "2024.11.03"]
[Round "1.8"]
[White "Balonyi, Roland"]
[Black "Szobi, Geza"]
[Result "0-1"]
[WhiteElo "1873"]
[BlackElo "1882"]
[PlyCount "108"]
[EventDate "2024.11.03"]
[EventType "team-tourn"]
[EventRounds "9"]
[EventCountry "HUN"]
[Source "chess.hu"]
[SourceDate "2024.11.04"]
[WhiteTeam "NYVSE"]
[BlackTeam "Geniusz Tata-Naszaly"]
[WhiteTeamCountry "HUN"]
[BlackTeamCountry "HUN"]

1. d4 Nf6 2. Nc3 d5 3. Bf4 a6 4. e3 Bf5 5. f3 e6 6. g4 Bg6 7. h4 h6 8. Bd3 Bxd3
9. Qxd3 Bd6 10. Nge2 Nc6 11. a3 Bxf4 12. Nxf4 Qd6 13. O-O-O O-O-O 14. g5 Nd7
15. g6 f5 16. Nh5 Qe7 17. e4 dxe4 18. fxe4 Nf6 19. Nf4 Rxd4 20. Qe3 Ng4 21. Qg3
Rhd8 22. Rxd4 Rxd4 23. exf5 exf5 24. Nfd5 Qd7 25. Qf3 Nge5 26. Qg2 f4 27. Nf6
Qf5 28. Ng8 f3 29. Qf2 Rd8 30. Nxh6 Qf4+ 31. Kb1 Qxh6 32. h5 Rd2 33. Qc5 b6 34.
Qf8+ Kb7 35. Ne4 Rd8 36. Qf5 Qh8 37. Nf2 Qe8 38. Re1 Qd7 39. Rxe5 Nxe5 40. Qxe5
Qd5 41. Qxg7 Qxh5 42. Qe7 Rg8 43. g7 Qg6 44. Qd7 Rxg7 45. Qd4 Qf7 46. c4 Qf5+
47. Ka2 Rd7 48. Qe3 Qf7 49. b3 Re7 50. Qd4 Re2+ 51. Ka1 Qe6 52. Nd3 Qf5 53. c5
f2 54. Nxf2 Rxf2 0-1

[Event "NB2 Breyer csoport"]
[Site "Nyergesujfalu"]
[Date "2024.11.03"]
[Round "1.9"]
[White "Kovacs, Balazs"]
[Black "Bognar, Attila"]
[Result "1/2-1/2"]
[WhiteElo "1871"]
[BlackElo "1865"]
[PlyCount "67"]
[EventDate "2024.11.03"]
[EventType "team-tourn"]
[EventRounds "9"]
[EventCountry "HUN"]
[Source "chess.hu"]
[SourceDate "2024.11.04"]
[WhiteTeam "Geniusz Tata-Naszaly"]
[BlackTeam "NYVSE"]
[WhiteTeamCountry "HUN"]
[BlackTeamCountry "HUN"]

1. e4 g6 2. d4 Bg7 3. Nc3 d6 4. Be3 Nf6 5. Qd2 Ng4 6. Bg5 h6 7. Bh4 O-O 8. h3
Nf6 9. O-O-O Re8 10. Bc4 Nxe4 11. Nxe4 d5 12. Bd3 dxe4 13. Bxe4 f5 14. Bf3 Nc6
15. Bxc6 bxc6 16. Ne2 g5 17. Bg3 f4 18. Bh2 Qd5 19. Nc3 Qxg2 20. Qe2 Qxh3 21.
Bxf4 Qg4 22. Bxc7 Qxe2 23. Nxe2 Bg4 24. Rde1 Bf3 25. Rh2 Bg4 26. Be5 Bxe5 27.
dxe5 Kg7 28. Nd4 c5 29. Nb5 Rac8 30. Re4 a6 31. Rxg4 axb5 32. f4 Kg6 33. Rg1
Rf8 34. fxg5 1/2-1/2

[Event "NB2 Breyer csoport"]
[Site "Nyergesujfalu"]
[Date "2024.11.03"]
[Round "1.10"]
[White "Gal, Lajos"]
[Black "Eros, Gyorgy"]
[Result "1/2-1/2"]
[WhiteElo "1832"]
[BlackElo "1756"]
[PlyCount "20"]
[EventDate "2024.11.03"]
[EventType "team-tourn"]
[EventRounds "9"]
[EventCountry "HUN"]
[Source "chess.hu"]
[SourceDate "2024.11.04"]
[WhiteTeam "NYVSE"]
[BlackTeam "Geniusz Tata-Naszaly"]
[WhiteTeamCountry "HUN"]
[BlackTeamCountry "HUN"]

1. e4 e6 2. d4 d5 3. Nd2 dxe4 4. Nxe4 Bd7 5. Nf3 Bc6 6. Bd3 Nd7 7. Qe2 Ngf6 8.
Bg5 Be7 9. O-O-O Nxe4 10. Bxe7 Nc3 1/2-1/2